| Поле | Название | Значение |
| |
Тип записи |
a |
| |
Библиографический уровень |
m |
| 001 |
Контрольный номер |
3cfa4750e41e47919ce1ff564368d7b5 |
| 005 |
Дата корректировки |
20260216094323.9 |
| 010 |
Индекс ISBN |
__ |
| a |
ISBN |
978-5-00219-077-5 |
| d |
Цена |
560-00 |
| 100 |
Данные общей обработки |
__ |
| a |
Данные общей обработки |
20240704d2024####da#y0rusy50######ca |
| 101 |
Язык документа |
0_ |
| a |
Язык текста |
rus |
| c |
Язык оригинала |
rus |
| 102 |
Страна публикации |
__ |
| a |
Страна публикации |
RU |
| 200 |
Заглавие и сведения об ответственности |
1_ |
| a |
Заглавие |
Горячий снег |
| e |
Сведения, относящиеся к заглавию |
роман |
| e |
Сведения, относящиеся к заглавию |
для старшего школьного возраста |
| f |
Первые сведения об ответственности |
Ю. В. Бондарев |
| g |
Последующие сведения об ответственности |
вступительная статья А. А. Аникина |
| g |
Последующие сведения об ответственности |
художник А. Е. Акишин |
| 210 |
Выходные данные |
1_ |
| a |
Место издания |
Москва |
| c |
Издательство |
Детская и юношеская книга |
| d |
Дата издания |
2024 |
| 215 |
Физическое описание |
__ |
| a |
Объем |
446, [2] с. |
| c |
Иллюстрации/тип воспроизводства |
ил. |
| 225 |
Серия (Журнальная рубрика) |
2_ |
| a |
Серия (Журнальная рубрика) |
Классная библиотека |
| i |
Наименование части |
Герои навсегда |
| 333 |
Примечание о целевом назначении |
__ |
| a |
Примечание о целевом назначении |
12+ |
| 606 |
Тематические рубрики |
__ |
| a |
Основная рубрика |
Художественная литература |
| 606 |
Тематические рубрики |
__ |
| a |
Основная рубрика |
Русская литература Новейшего времени (произведения) |
| 610 |
Ключевые слова |
1_ |
| a |
Ключевые слова |
русская советская литература |
| a |
Ключевые слова |
советская классика |
| a |
Ключевые слова |
подростковая литература |
| a |
Ключевые слова |
тема Великой Отечественной войны |
| a |
Ключевые слова |
военная проза |
| a |
Ключевые слова |
тема героизма |
| a |
Ключевые слова |
тема патриотизма |
| a |
Ключевые слова |
тема мужества |
| a |
Ключевые слова |
тема подвигов |
| a |
Ключевые слова |
тема войны |
| a |
Ключевые слова |
экранизации |
| a |
Ключевые слова |
романы |
| a |
Ключевые слова |
книги-лауреаты |
| a |
Ключевые слова |
тема духовно-нравственных ценностей |
| 686 |
Индексы других классификаций |
__ |
| 2 |
Код системы |
rubbk |
| a |
Индекс ББК |
Ст 84(2=411.2)6-44 |
| 700 |
Автор |
_1 |
| a |
Фамилия |
Бондарев |
| b |
Имя |
Ю. В. |
| g |
Полное личное имя |
Юрий Васильевич |
| f |
Даты |
1824-2020 |
| 4 |
Код отношения |
070 |
| 702 |
Вторичная интеллектуальная ответственность |
_1 |
| a |
Фамилия |
Акишин |
| b |
Имя |
А. Е. |
| g |
Полное личное имя |
Аскольд Евгеньевич |
| 4 |
Код отношения |
440 |
| 702 |
Вторичная интеллектуальная ответственность |
_1 |
| a |
Фамилия |
Аникин |
| b |
Имя |
А. А. |
| 4 |
Код отношения |
080 |
| g |
Полное личное имя |
Антон Андреевич |
| 801 |
Источник записи |
_0 |
| b |
Организация |
Центральная районная библиотека им. Г. А. Пирожникова |
| a |
Страна |
RU |
| c |
Дата составления |
20240704 |
| g |
Правила каталогизации |
bzbo |
| 801 |
Источник записи |
_1 |
| a |
Страна |
RU |
| b |
Организация |
Центральная районная библиотека им. Г. А. Пирожникова |
| c |
Дата составления |
20240704 |
| g |
Правила каталогизации |
bzbo |
| 852 |
Данные о местонахождении |
__ |
| j |
Шифр хранения |
84(2=411.2)6 |
| i |
Авторский знак |
Б 811 |
| 901 |
Тип документа |
__ |
| t |
Тип документа |
m |
| 902 |
Роль лиц |
__ |
| a |
Создатель БЗ |
ОКиО/Шумских |